Design of concrete structures (Record no. 3622)

000 -LEADER
fixed length control field 00547nam a22002057a 4500
001 - CONTROL NUMBER
control field 3622
003 - CONTROL NUMBER IDENTIFIER
control field BD-DhUET
008 - FIXED-LENGTH DATA ELEMENTS--GENERAL INFORMATION
fixed length control field 141102b xxu||||| |||| 00| 0 eng d
040 ## - CATALOGING SOURCE
Transcribing agency 0
Modifying agency BD-DhUET
082 ## - DEWEY DECIMAL CLASSIFICATION NUMBER
Classification number 624.183
Item number WIN/1972
100 ## - MAIN ENTRY--PERSONAL NAME
Personal name Winter, George
245 ## - TITLE STATEMENT
Title Design of concrete structures
Statement of responsibility, etc. by George Winter and Arthur H. Nilson
250 ## - EDITION STATEMENT
Edition statement 8th ed.
260 ## - PUBLICATION, DISTRIBUTION, ETC. (IMPRINT)
Place of publication, distribution, etc. New York
Name of publisher, distributor, etc. McGraw-Hill
Date of publication, distribution, etc. 1972
300 ## - PHYSICAL DESCRIPTION
Extent xii,615p.
504 ## - BIBLIOGRAPHY, ETC. NOTE
Bibliography, etc Includes bibliographies
650 #0 - SUBJECT ADDED ENTRY--TOPICAL TERM
Topical term or geographic name as entry element Reinforced concrete
700 ## - ADDED ENTRY--PERSONAL NAME
Personal name Nilson, Arthur H.
942 ## - ADDED ENTRY ELEMENTS (KOHA)
Koha item type General Book
Holdings
Koha normalized classification for sorting Koha issues (times borrowed) Sublocation or collection (holding branch) Koha full call number Lost status Koha item type Damaged status Koha date last borrowed Koha date last seen Location (home branch) Withdrawn status Source of classification or shelving scheme Price effective from Piece designation (barcode) Date acquired Shelving location Copy number Not for loan
624_183000000000000_WIN_19722Central Library, BUET624.183/WIN/1972 General Book 2025-05-262025-06-18Central Library, BUET  2014-11-02398702014-11-02Circulation section1 
624_000000000000000_183WIN19721Central Library, BUET624.183/WIN/1972 General Book 2025-05-262025-05-28Central Library, BUET  2014-11-02442532014-11-02Circulation section2 
624_000000000000000_183WIN1972 Central Library, BUET624.183/WIN/1972 General Book  2014-11-18Central Library, BUET  2014-11-18398692014-11-18Circulation section3 
624_000000000000000_183WIN1972 Central Library, BUET624.183/WIN/1972 General Book  2014-11-18Central Library, BUET  2014-11-18398712014-11-18Circulation section4 
624_183000000000000_WIN_19722Central Library, BUET624.183/WIN/1972 General Book 2025-05-272025-06-28Central Library, BUET  2015-02-22428442015-02-22Circulation section5 
624_183000000000000_WIN_1972 Central Library, BUET624.183/WIN/1972 General Book  2015-02-22Central Library, BUET  2015-02-22549302015-02-22Circulation section6 
624_183000000000000_WIN_19721Central Library, BUET624.183/WIN/1972 General Book 2025-05-262025-05-27Central Library, BUET  2015-05-07451122015-05-07Circulation section7